000 00644nam a2200241Ia 4500
005 20250425161943.0
008 250425s9999 xx 000 0 und d
020 _a9684229887
041 _aspa
082 _a530
100 _aSERWAY, RAYMOND A.
245 0 _aFISICA (TOMO I)
250 _a3A ED.
260 _aMEXICO
260 _aMéxico
_bMCGRAW-HILL
_c1992
300 _a637
500 _aTítulo Traducido: PHYSICS FOR SCIENTISTS & ENGINEERS WHIT MODERN PHYSICS
650 _aFISICA
650 _aFISICA MODERNA
700 _aENRIQUE SANCHEZ AGUILERA; JUAN CRISTOBAL CARDENAS
_etraductor
942 _c01
010 _a36779
999 _c219545
_d219545